书目信息 |
| 题名: |
对地观测遥感相机研制
|
|
| 作者: | 约瑟夫 著 ;王小勇 译 | |
| 分册: | ||
| 出版信息: | 北京 国防工业出版社 2019 |
|
| 页数: | 11, 263页 | |
| 开本: | 24cm | |
| 丛书名: | 现代光学工程精品译丛 | |
| 单 册: | ||
| 中图分类: | TP79 | |
| 科图分类: | ||
| 主题词: | 遥感地面调查--yao gan di mian diao cha | |
| 电子资源: | ||
| ISBN: | 978-7-118-11401-0 | |
| 000 | 01417nam 2200325 450 | |
| 001 | 012001005391 | |
| 005 | 20141212172308.0 | |
| 010 | @a978-7-118-11401-0@dCNY129.00 | |
| 099 | @aCAL 012019074698 | |
| 100 | @a20190611d2019 em y0chiy50 ea | |
| 101 | 1 | @achi@cinc |
| 102 | @aCN@b110000 | |
| 105 | @aak a 000yy | |
| 106 | @ar | |
| 200 | 1 | @a对地观测遥感相机研制@Adui di guan ce yao gan xiang ji yan zhi@d= Building earth observation cameras@f(印) 乔治·约瑟夫著@g王小勇 ... [等] 译@zeng |
| 210 | @a北京@c国防工业出版社@d2019 | |
| 215 | @a11, 263页@c图@d24cm | |
| 225 | 2 | @a现代光学工程精品译丛@Axian dai guang xue gong cheng jing pin yi cong |
| 300 | @a装备科技译著出版基金 | |
| 320 | @a有书目 | |
| 330 | @a本书介绍了航天光学遥感载荷的成像机理、系统设计、系统优化、工程研制和应用等多方面知识和技术, 从应用需求、成像机理、光学系统、光机结构等内容讲述了亚米级高分相机、高光谱相机和立体测绘相机等的指标优化与设计和性能评估技术。 | |
| 333 | @a本书可供从事遥感相机研制的工程人员、工程管理者和决策者以及空间对地观测领域的科学工作者、相关专业的研究人员参考。 | |
| 410 | 0 | @12001 @a现代光学工程精品译丛 |
| 510 | 1 | @aBuilding earth observation cameras@zeng |
| 606 | 0 | @a遥感地面调查@Ayao gan di mian diao cha |
| 690 | @aTP79@v5 | |
| 701 | 1 | @a约瑟夫@Ayue se fu@g(Joseph, George)@4著 |
| 702 | 0 | @a王小勇@Awang xiao yong@4译 |
| 801 | 0 | @aCN@b江苏凤凰@c20191020 |
| 905 | @b1208072-3@dTP79@e62@f2 | |
| 对地观测遥感相机研制= Building earth observation cameras/(印) 乔治·约瑟夫著/王小勇 ... [等] 译.-北京:国防工业出版社,2019 |
| 11, 263页:图;24cm.-(现代光学工程精品译丛) |
| 装备科技译著出版基金.-使用对象:本书可供从事遥感相机研制的工程人员、工程管理者和决策者以及空间对地观测领域的科学工作者、相关专业的研究人员参考。 |
| ISBN 978-7-118-11401-0:CNY129.00 |
| 本书介绍了航天光学遥感载荷的成像机理、系统设计、系统优化、工程研制和应用等多方面知识和技术, 从应用需求、成像机理、光学系统、光机结构等内容讲述了亚米级高分相机、高光谱相机和立体测绘相机等的指标优化与设计和性能评估技术。 |
| ● |
| 相关链接 |
|
|
|
|
正题名:对地观测遥感相机研制
索取号:TP79/62
 
预约/预借
| 序号 | 登录号 | 条形码 | 馆藏地/架位号 | 状态 | 备注 |
| 1 | 1208072 | 212080727 | 第二样本阅览室/ [索取号:TP79/62] | 在馆 | |
| 2 | 1208073 | 212080736 | 第三借阅区/ [索取号:TP79/62] | 在馆 |